01917nim a2200361 i 4500003001000000005001700010007001000027008004100037020001800078040003500096041001300131082002100144100003700165245010900202246001900311250001800330264006400348300004900412336005600461337002300517338003100540520057400571521005901145546005801204650005601262650004601318650002501364650003201389650003801421650002001459700003901479700003701518CO-BoRNBP20230508212056.0vd cvadzs21 s2009 ck 125 b |||| |0| mcmul d a7506036008483 aCO-BoRNBPbspaerdacCO-BoRNBP1 ajpnhspa04a791.43bT14r2221 aTakahata, Isaod1935-2018eautor10aRecuerdos del ayercguión y dirección de Isao Takahata ; producción Hayao Miyazaki, Toshio Susuki33aOnly yesterday a1a. edición 1aMéxico, MéxicobZima EnterteinmentbStudio Ghiblic2010 a1 DVD (118 minutos)bestéreo, colorc19 cm 2rdacontentaimagen bidimensional en movimientobtdi 2rdamediaavideobv 2rdacarrieravideodiscobvd03a"Taeko se aproxima a los treinta años de edad. Como ocurre con todo aquel que se acerque al umbral de los 30 sin estar casado, ella también debe soportar las exigencias de sus parientes, quienes la urgen a formar una familia. Un buen día, esta joven mujer decide escapar de su vida rutinariaen Tokio para reencontrarse con la tranquilidad del pueblo donde vivió su infancia, pero mucho más allá de un descanso, el regreso de Taeko a sus raíces significará un cambio definitivo en el curso de su vida y en el de la de alguien más" Tomado del estuche  aRecomendado para público infantil mayor de 9 años  aPelícula en japonés con subtítulos en español17aPelículas cinematográficas japonesasvDVD2LEMB17aPelículas animadas japonesasvDVD2LEMB17aRecuerdosvDVD2LEMB17aDibujos animadosvDVD2LEMB17aHistorias de aventurasvDVD2LEMB17aAmorvDVD2LEMB1 aMiyazaki, Hayao d1941-eproductor1 aSuzuki, Tashaod1948-eproductor